Library of the University of Algiers 3
Ibrahim Sultan Cheibout
شعار جامعة الجزائر 3
مكتبة جامعة الجزائر 3
إبراهيم سلطان شيبوط

محاضرات في الاقتصاد النقدي / (رقم التسجيلة. 41446)

تفاصيل مارك
000 -LEADER
fixed length control field 01750nam a2200217Ia 4500
003 - CONTROL NUMBER IDENTIFIER
control field Ost
005 - DATE AND TIME OF LATEST TRANSACTION
control field 20260416102401.0
008 - FIXED-LENGTH DATA ELEMENTS--GENERAL INFORMATION
fixed length control field 260416s9999||||xx |||||||||||||| ||und||
040 ## - CATALOGING SOURCE
Transcribing agency fsecg
041 ## - LANGUAGE CODE
Language code of text/sound track or separate title ara
082 ## - DEWEY DECIMAL CLASSIFICATION NUMBER
Classification number 338.9
100 ## - MAIN ENTRY--PERSONAL NAME
Personal name ابن بوسحاقي، فتيحة
Relator term مؤلف
245 #0 - TITLE STATEMENT
Title محاضرات في الاقتصاد النقدي /
Statement of responsibility, etc. فتيحة ابن بوسحاقي
260 ## - PUBLICATION, DISTRIBUTION, ETC.
Place of publication, distribution, etc. الجزائر
Name of publisher, distributor, etc. جامعة الجزائر3: كلية العلوم الإقتصادية، العلوم التجارية وعلوم التسيير
Date of publication, distribution, etc. 2023
300 ## - PHYSICAL DESCRIPTION
Extent 138 ورقة
Other physical details ايضاحات
Dimensions 12 سم
504 ## - BIBLIOGRAPHY, ETC. NOTE
Bibliography, etc. note المراجع ص.132
520 ## - SUMMARY, ETC.
Summary, etc. تشمل هذه المطبوعة دراسة شاملة لنظام النقدي، بدءًا من أصول النقود وتطورها التاريخي وصولاً إلى أحدث الأنظمة النقدية المعاصرة. وتستعرض مفاهيم أساسية مثل الكتلة النقدية والمضاعف النقدي، ويشرح دور البنوك التجارية والبنك المركزي في خلق النقود وإدارتها. كما تتناول موضوعات حيوية مثل التضخم والسياسة النقدية، وآليات عمل السوق النقدية. بالإضافة إلى ذلك، ويقدم تحليلاً تفصيليًا لأنواع الأنظمة النقدية المختلفة، ويشرح العلاقة بين النظام النقدي والمتغيرات الاقتصادية الأخرى.
653 ## - INDEX TERM--UNCONTROLLED
Uncontrolled term الاقتصاد النقدي
710 ## - ADDED ENTRY--CORPORATE NAME
Corporate name or jurisdiction name as entry element جامعة الجزائر3: كلية العلوم الإقتصادية، العلوم التجارية وعلوم التسيير
Relator term ناشر علمي
942 ## - ADDED ENTRY ELEMENTS (KOHA)
Koha item type مطبوعات
المقتنيات
Withdrawn status Lost status Source of classification or shelving scheme Damaged status Not for loan Home library Current library Date acquired Serial enumeration / chronology Inventory number Total checkouts Full call number Barcode Date last seen Price effective from Koha item type
    Dewey Decimal Classification   NOT LOAN / إعارة داخلية مكتبة كلية العلوم الإقتصادية والعلوم التجارية وعلوم التسيير مكتبة كلية العلوم الإقتصادية والعلوم التجارية وعلوم التسيير 16/04/2026 الطابق الثاني مط.885-1   مط.885 مط.885-1 16/04/2026 16/04/2026 مطبوعات

موارد الويب المفتوحة


© University of Algiers 3 All Rights Reserved
|
Implemented by LECHELAH Riad